000 00816nas a2200253 4500
001 BR0403419
003 BR-BrBNA
005 20231205104651.0
007 ta
008 230509b bl.|||p| |||| 00| 00por d
040 _aBR-BrBNA
_bpor
_cBiblioteca Nacional de Agricultura
041 _a(Pt)
072 _aE40; E70
100 1 _aSilveira, M.A. da
100 1 _aCastro, L.M.B. de
100 1 _aFrancis, D.G.
245 1 _aEstudo preliminar para criação de uma cooperativa de consumo de alimentos em Pirassununga, São Paulo
650 _aCOOPERATIVA DE CONSUMO
650 _aCONSUMO
650 _aALIMENTO
773 0 _tOIKOS - Revista Brasileira de Economia Doméstica (Brazil)
_xISSN 0101-5273
_g(1983), v. 2(2) p. 46-55
_wBR0403419
909 _a202311
_bLúcia
_c55
_dLúcia Elande
942 _2AGRIS
_n0
_cANA
999 _c179192
_d179192